000 00463nam a2200205Ia 4500
999 _c62629
_d62629
003 0100
005 20190131105110.0
008 130303s9999 xx 000 0 und d
020 _a1779220618
040 _cARRUPELIB
050 _aSPC. S627.T4
_bS67 23006
100 _aSoper, Robert C.
_944308
245 4 _aThe terrace builders of Nyanga
_cRobert Soper
260 _aHarare
260 _bWeaver Press
260 _c2006
300 _a82p. ;
300 _b 24cm.
650 _bTerracing
_zZimbabwe
_zInyanga region
_944309
651 _aZimbabwe
_xAntiquities
_99546
942 _2lcc
_cSPC